[Event "It"]
[Site "masterchessopen.com - Buenos Aires (Argentina)"]
[Round "0"]
[White "Reshevsky Samuel H (USA)"]
[Black "Garcia Raimundo (ARG)"]
[Result "1-0"]
[WhiteElo "2430"]
[BlackElo "2327"]

1.d4 Nf6 2.c4 c5 3.d5 d6 4.Nc3 g6 5.e4 Bg7 6.Nf3 O-O 7.Be2 e6 8.O-O exd5
9.cxd5 Re8 10.Nd2 Na6 11.f3 Nc7 12.a4 b6 13.Nc4 Ba6 14.Bg5 h6 15.Be3 Bxc4
16.Bxc4 a6 17.Qd2 Kh7 18.Rab1 Qd7 19.b4 b5 20.Be2 c4 21.a5 Qe7 22.Bd4 Qf8
23.Bd1 Nd7 24.Bxg7 Qxg7 25.Bc2 Re7 26.Rbe1 Ne8 27.f4 Nef6 28.Re2 Kh8 29.Rfe1
Ng8 30.e5 dxe5 31.d6 Re6 32.f5 Rf6 33.fxg6 fxg6 34.Ne4 Re8 35.Nxf6 Ngxf6
36.Re3 Re6 37.Rg3 Nh5 38.Rh3 Nhf6 39.Rg3 Ne8 40.Rd1 Rxd6 41.Qe1 Nf8 42.Rxd6
Nxd6 43.Qd2 Nf7 44.Qd5 e4 45.h3 Qa1+ 46.Kh2 Kg7 47.Bxe4 Qb2 48.Rf3 Qe5+ 49.Kg1
Qxd5 50.Bxd5 Nd6 51.Kf2 Nd7 52.Re3 Nf5 53.Re1 Nf6 54.Bb7 Nd4 55.Bxa6 Nd5
56.Bb7 Nxb4 57.a6 {#r} 1-0

[Event "Tournament FMDA (team)"]
[Site "masterchessopen.com - Buenos Aires (Argentina)"]
[Round "8"]
[White "Arguiariz Enrique (ARG)"]
[Black "Caramia Javier (ARG)"]
[Result "0-1"]
[WhiteElo "2100"]
[BlackElo "2142"]

1.d4 Nf6 2.c4 c5 3.d5 e6 4.Nc3 exd5 5.cxd5 d6 6.Nf3 g6 7.Nd2 Bg7 8.e4 O-O
9.Be2 Re8 10.O-O Na6 11.f3 Nc7 12.a4 b6 13.Nc4 Ba6 14.Bg5 h6 15.Be3 Rb8 16.Qd2
Kh7 17.Rab1 Bxc4 18.Bxc4 a6 19.b4 b5 20.Be2 c4 21.a5 Re7 22.Bd4 Qh8 23.Rbe1
Nxe4 24.Nxe4 Bxd4+ 25.Kh1 f5 26.Rd1 Be5 27.Ng3 Bxg3 28.hxg3 Qe5 29.Kh2 Rbe8
30.Rfe1 Qe3 31.Qa2 Qc3 32.Rb1 Nxd5 33.Rec1 Rxe2 {#R} 0-1

[Event "Ch World (juniors) (under 20)"]
[Site "masterchessopen.com - Buenos Aires (Argentina)"]
[Round "0"]
[White "Tratar Marko (SLO)"]
[Black "Medina Jose (ESP)"]
[Result "1-0"]
[WhiteElo "2477"]
[BlackElo "2062"]

1.d4 Nf6 2.c4 e6 3.Nf3 c5 4.d5 d6 5.Nc3 exd5 6.cxd5 g6 7.e4 Bg7 8.Be2 O-O
9.Nd2 Re8 10.O-O Na6 11.f3 Nc7 12.a4 b6 13.Nc4 Ba6 14.Bg5 h6 15.Bh4 Bxc4
16.Bxc4 Qd7 17.Qd2 a6 18.Rfe1 g5 19.Bf2 Nh5 20.g3 b5 21.Bf1 Be5 22.Ra2 Reb8
23.Rea1 b4 24.Nd1 Qe7 25.Ne3 Qf6 26.Ng4 Qg7 27.Nxe5 Qxe5 28.b3 Ng7 29.Re1 f6
30.f4 Qe7 31.Rc2 Qd7 32.e5 gxf4 33.e6 Qe7 34.Qxf4 Nxd5 35.Qxh6 Nc3 36.Bd3 f5
37.g4 Ne4 38.Bxe4 fxe4 39.Rxe4 Rf8 40.Bh4 Qb7 41.Re3 Qd5 42.Be1 Rf3 43.Rd2 Qc6
44.e7 Rxe3 45.Qxe3 Re8 46.Bh4 c4 47.bxc4 Qxc4 48.Rd4 Qc2 49.Rxb4 d5 50.Rd4 Qg6
51.Qe5 Qb1+ 52.Kg2 Qa2+ 53.Bf2 Kh7 54.g5 Qb2 55.Rh4+ Kg6 56.Qf6+ {#r} 1-0

[Event "Tournament FMDA (team)"]
[Site "masterchessopen.com - Buenos Aires (Argentina)"]
[Round "6"]
[White "Arguiariz Enrique (ARG)"]
[Black "Montes De Oca Juan (ARG)"]
[Result "0-1"]
[WhiteElo "2100"]
[BlackElo "2128"]

1.d4 Nf6 2.c4 c5 3.d5 e6 4.Nc3 exd5 5.cxd5 d6 6.Nf3 g6 7.e4 Bg7 8.Be2 O-O
9.O-O Re8 10.Nd2 Na6 11.f3 Nc7 12.a4 b6 13.Nc4 Ba6 14.Bg5 Bxc4 15.Bxc4 a6
16.Rb1 Qd7 17.b4 b5 18.Be2 h6 19.Be3 cxb4 20.Rxb4 Ng4 21.Bd4 Ne3 22.Bxe3 Bxc3
23.Rb1 Bg7 24.axb5 Nxb5 25.Qa4 f5 26.Bf4 Qa7+ 27.Kh1 Nc3 28.Qc2 Nxb1 29.Rxb1
Rac8 30.Qa2 fxe4 31.Bxd6 exf3 32.Bxf3 Qe3 33.h3 Rc1+ 34.Rxc1 Qxc1+ 35.Kh2 Bd4
{#R} 0-1

[Event "Ch Argentina (team)"]
[Site "masterchessopen.com - Buenos Aires (Argentina)"]
[Date "2006.09.03"]
[Round "1"]
[White "Goldwaser Christian (ARG)"]
[Black "Meza Hugo (ARG)"]
[Result "0-1"]
[WhiteElo "2372"]
[BlackElo "2132"]

1.c4 Nf6 2.Nf3 e6 3.d4 c5 4.d5 exd5 5.cxd5 d6 6.Nc3 g6 7.e4 Bg7 8.Be2 O-O
9.O-O Re8 10.Nd2 Na6 11.f3 Nc7 12.a4 b6 13.Kh1 Rb8 14.Nb5 a6 15.Na7 Bb7 16.Nc4
Nfxd5 17.exd5 Nxd5 18.Na3 Ra8 19.N7b5 axb5 20.Bxb5 Ne3 21.Bxe3 Rxe3 22.Nc4 Re6
23.a5 bxa5 24.Qd2 d5 25.Nxa5 Ba6 26.Nc6 Qc8 27.Qxd5 Bb7 28.Rxa8 Bxa8 29.Na7
Bxd5 30.Nxc8 Bxb2 31.h3 c4 32.Rd1 c3 33.Ba4 Bc4 34.Bc2 Re2 35.Nb6 Be6 36.Bd3
Rd2 37.Rxd2 cxd2 38.Bc2 Bd4 39.Na8 Kf8 40.g4 Bd5 41.Nc7 Bxf3+ {#R} 0-1

[Event "Ch Bulgaria"]
[Site "masterchessopen.com - Bulgaria"]
[Round "2"]
[White "Donchev Dimitar I (BUL)"]
[Black "Antonov Vladimir (BUL)"]
[Result "0-1"]
[WhiteElo "2436"]
[BlackElo "2338"]

1.d4 Nf6 2.c4 e6 3.Nf3 c5 4.d5 exd5 5.cxd5 d6 6.Nc3 g6 7.e4 Bg7 8.Be2 O-O
9.O-O Re8 10.Nd2 Na6 11.f3 Nc7 12.a4 b6 13.Kh1 h6 14.f4 Ba6 15.Re1 Qc8 16.Bf3
Nd7 17.e5 Qd8 18.e6 Nf6 19.exf7+ Kxf7 20.Nde4 Kg8 21.Bd2 Bb7 22.Nxf6+ Qxf6
23.Qc2 Rxe1+ 24.Rxe1 Re8 25.Be4 Bc8 26.Nd1 Bf5 27.Bxf5 Rxe1+ 28.Bxe1 Qxf5
29.Qxf5 gxf5 30.Ne3 Bxb2 31.Nxf5 Nxd5 32.Nxd6 Nxf4 33.Bd2 Ne2 34.Nc8 Kh7
35.Nxa7 c4 36.Nc6 c3 37.Be3 c2 38.a5 Nd4 39.Nb4 bxa5 40.Na2 {#R} 0-1

[Event "Ch Bulgaria"]
[Site "masterchessopen.com - Bulgaria"]
[Round "0"]
[White "Peev Peicho (BUL)"]
[Black "Spassov Liuben (BUL)"]
[Result "1-0"]
[WhiteElo "2284"]
[BlackElo "2367"]

1.d4 Nf6 2.c4 e6 3.Nf3 c5 4.d5 exd5 5.cxd5 g6 6.Nc3 Bg7 7.e4 d6 8.Be2 O-O
9.O-O Re8 10.Nd2 Na6 11.f3 Nc7 12.a4 Nd7 13.Nc4 Qe7 14.Kh1 f5 15.Bf4 Ne5
16.Bxe5 Bxe5 17.Nxe5 Qxe5 18.f4 Qd4 19.e5 dxe5 20.d6 Ne6 21.fxe5 Bd7 22.Bb5
Bxb5 23.Nxb5 Qxe5 24.Re1 Qf6 25.Qd5 Kh8 26.d7 Re7 27.Nc7 Rd8 28.Rxe6 Qxb2
29.Rae1 Rexd7 30.Re8+ Kg7 31.Qg8+ {#r} 1-0

[Event "Ch Poland"]
[Site "masterchessopen.com - Bytom (Poland)"]
[Round "10"]
[White "Nowak Ignacy (POL)"]
[Black "Stempin Pawel (POL)"]
[Result "1-0"]
[WhiteElo "2367"]
[BlackElo "2420"]

1.d4 Nf6 2.c4 e6 3.Nf3 c5 4.d5 exd5 5.cxd5 d6 6.Nc3 g6 7.Nd2 Bg7 8.e4 O-O
9.Be2 Re8 10.O-O Na6 11.f3 Nc7 12.a4 b6 13.Kh1 Rb8 14.Nc4 Ba6 15.Bg5 Qd7
16.Re1 Bxc4 17.Bxc4 a6 18.Bf1 Rb7 19.Rb1 b5 20.e5 Rxe5 21.Rxe5 dxe5 22.Bxf6
Bxf6 23.Ne4 Qd8 24.Nxc5 Rb6 25.a5 Rb8 26.d6 Ne6 27.b4 Nd4 28.Nxa6 Rc8 29.Nc7
Rb8 30.a6 Qxd6 31.Nxb5 Qb6 32.Nc3 Bd8 33.Qd3 Qd6 34.b5 Bb6 35.Na4 Ba7 36.b6
Rxb6 37.Nxb6 Bxb6 38.Qc4 Kg7 39.Qb4 Bc5 40.Qb8 Qf6 41.a7 Nf5 42.a8=Q {#r} 1-0

[Event "It (open)"]
[Site "masterchessopen.com - Campobasso (Italy)"]
[Date "2007.07.20"]
[Round "1"]
[White "Scerbo Antonio (ITA)"]
[Black "Bitossi Massimo (ITA)"]
[Result "1-0"]
[WhiteElo "2099"]
[BlackElo "1940"]

1.d4 Nf6 2.Nf3 c5 3.d5 d6 4.c4 e6 5.Nc3 exd5 6.cxd5 g6 7.e4 Bg7 8.Be2 O-O
9.O-O Re8 10.Nd2 Na6 11.f3 Nc7 12.a4 a6 13.Nc4 Nh5 14.g4 Bd4+ 15.Kh1 Rb8
16.gxh5 b5 17.axb5 axb5 18.Na5 Qh4 19.Nc6 Bh3 20.Nxd4 Bxf1 21.Bxf1 cxd4
22.Qxd4 Qxh5 23.Bg2 b4 24.Ne2 Qh4 25.Bf4 h6 26.Qd2 Qf6 27.Bxh6 Re5 28.f4 Rh5
29.Bg5 Qh8 30.Qd4 Rxh2+ 31.Kg1 Qh7 32.Ng3 Rc8 33.Rc1 b3 34.Qf6 {#r} 1-0

[Event "Cup Doeberl"]
[Site "masterchessopen.com - Canberra (Australia)"]
[Date "2003.04.18"]
[Round "1"]
[White "Suttor Vincent (AUS)"]
[Black "Agulto Edgardo (AUS)"]
[Result "0-1"]
[WhiteElo "2013"]
[BlackElo "2174"]

1.d4 Nf6 2.c4 c5 3.d5 g6 4.Nc3 d6 5.e4 Bg7 6.Be2 O-O 7.Nf3 e6 8.O-O exd5
9.cxd5 Re8 10.Nd2 Na6 11.f3 Nc7 12.a4 b6 13.Re1 a6 14.Nc4 Rb8 15.Bf4 Nh5
16.Bxd6 Bd4+ 17.Kh1 b5 18.axb5 axb5 19.Ra7 Na6 20.Bxb8 bxc4 21.g4 Nxb8 22.gxh5
Qh4 23.Bxc4 Be5 24.Qe2 Bxh2 25.Rf1 Be5+ 26.Kg1 Bd4+ 27.Rf2 Re5 28.f4 Rxh5
29.Qf1 Bxf2+ 30.Qxf2 Qh1# 0-1

[Event "It (open)"]
[Site "masterchessopen.com - Caorle (Italy)"]
[Round "4"]
[White "Anceschi Vittorio (ITA)"]
[Black "Castagnetta Gianluca (ITA)"]
[Result "1-0"]
[WhiteElo "2251"]
[BlackElo "2305"]

1.d4 Nf6 2.c4 c5 3.d5 e6 4.Nc3 exd5 5.cxd5 d6 6.Nf3 g6 7.e4 Bg7 8.Nd2 O-O
9.Be2 Re8 10.O-O Na6 11.f3 Nc7 12.a4 b6 13.Nc4 Ba6 14.Re1 Rb8 15.Bf1 Bxc4
16.Bxc4 a6 17.Bf1 b5 18.axb5 axb5 19.e5 Rxe5 20.Rxe5 dxe5 21.d6 Ne6 22.Bxb5
Nd4 23.Bc4 Qxd6 24.Ra7 Rf8 25.Ra6 Qb8 26.Qa4 Qd8 27.Bg5 h6 28.Bxf7+ Kh7
29.Bxf6 Bxf6 30.Ra7 Bg7 31.Ne4 Ne2+ 32.Kf2 Nf4 33.Qd7 Nd3+ 34.Kg3 Qxd7 35.Rxd7
Nxb2 36.Nxc5 Rb8 37.h4 h5 38.Ne6 Bf6 39.Nc5 g5 40.Bxh5+ Kh6 41.hxg5+ Bxg5
42.Bf7 Bf4+ 43.Kg4 Rb4 44.Kf5 Nc4 45.Bxc4 Rxc4 46.Ne4 Bh2 47.g4 Bf4 48.Nf6
{#r} 1-0

[Event "It (cat.3)"]
[Site "masterchessopen.com - Chernigov (Ukraine)"]
[Round "12"]
[White "Fiodorov Mikhail (UKR)"]
[Black "Chokhonelidze Giorgi (GEO)"]
[Result "0-1"]
[WhiteElo "2151"]
[BlackElo "2300"]

1.d4 Nf6 2.c4 e6 3.Nf3 c5 4.d5 exd5 5.cxd5 d6 6.Nc3 g6 7.Nd2 Bg7 8.e4 O-O
9.Be2 Na6 10.O-O Re8 11.f3 Nc7 12.a4 b6 13.Nc4 Ba6 14.Bf4 Bxc4 15.Bxc4 a6
16.Qd2 Rb8 17.Rfe1 b5 18.axb5 axb5 19.Bf1 b4 20.Na4 Nb5 21.Bxb5 Rxb5 22.Rab1
Qe7 23.h3 Ra8 24.b3 Nh5 25.Be3 Qh4 26.Bf2 Qf6 27.Be3 Qd8 28.Rbc1 Qh4 29.Bf2
Qe7 30.Rc2 Qe5 31.Be3 Qg3 32.Bf2 Qf4 33.Be3 Qh4 34.Bf2 Qd8 35.Be3 Rba5 36.Rec1
Be5 37.Ra2 Qh4 38.Bf2 Qd8 39.Be3 Ng3 40.f4 Bg7 41.e5 dxe5 42.Bxc5 Ne4 43.Qxb4
Nxc5 44.Rxc5 Bf8 45.Rac2 Bxc5+ 46.Rxc5 Rxc5 47.Qxc5 exf4 48.d6 Rc8 49.Qd4 Rc1+
50.Kh2 Qh4 51.Qd3 Qe1 {#R} 0-1

[Event "It (open)"]
[Site "masterchessopen.com - Codogno (Italy)"]
[Date "2011.10.14"]
[Round "1"]
[White "Carrai Giacomo (ITA)"]
[Black "Marholev Dimitar (BUL)"]
[Result "0-1"]
[WhiteElo "1820"]
[BlackElo "2355"]

1.Nf3 Nf6 2.c4 g6 3.Nc3 Bg7 4.d4 O-O 5.e4 d6 6.Be2 c5 7.d5 e6 8.O-O exd5
9.cxd5 Re8 10.Nd2 Na6 11.f3 Nc7 12.Kh1 Rb8 13.a4 b6 14.Bb5 Bd7 15.Nc4 a6
16.Bxd7 Qxd7 17.Bf4 Bf8 18.Qd2 b5 19.Na5 b4 20.Ne2 Nh5 21.Nc6 Ra8 22.Ng3 Nxf4
23.Qxf4 Bg7 24.Rab1 a5 25.b3 Ne6 26.Qc1 Nd4 27.Nxd4 Bxd4 28.Qc4 h5 29.Rfd1 Bg7
30.Qd3 Bh6 31.Re1 h4 32.Ne2 Rac8 33.Qc2 f5 34.Ng1 Bg7 35.Qc4 Bc3 36.Re2 fxe4
37.Rxe4 Rxe4 38.Qxe4 Qf5 39.Qxf5 gxf5 40.Nh3 c4 {#R} 0-1

[Event "Ch Cyprus"]
[Site "masterchessopen.com - Cyprus"]
[Round "0"]
[White "Hadjiyiannis C (CYP)"]
[Black "Riza K (CYP)"]
[Result "1-0"]
[WhiteElo "2063"]
[BlackElo "2085"]

1.d4 Nf6 2.c4 g6 3.Nc3 Bg7 4.e4 d6 5.Nf3 O-O 6.Be2 c5 7.d5 e6 8.O-O exd5
9.cxd5 Re8 10.Nd2 Na6 11.f3 g5 12.Nc4 Nh5 13.Nb5 Bf8 14.g4 Nf4 15.Bxf4 gxf4
16.Qd2 Qf6 17.Qc3 Qg6 18.Bd3 Nb4 19.Bb1 h5 20.Nc7 hxg4 21.Kf2 g3+ 22.hxg3
Qxg3+ 23.Ke2 Bh3 24.Rf2 Bg7 25.Qe1 Be5 26.a3 Na6 27.Nxa8 Rxa8 28.Nxe5 dxe5
29.Bd3 c4 30.Bxc4 Nc5 31.Qg1 Nxe4 32.fxe4 Bg4+ 33.Kf1 Qh3+ 34.Qg2 {#r} 1-0

[Event "Czech League (V) 2001/02"]
[Site "masterchessopen.com - Czech Republic"]
[Round "3"]
[White "Juptner Jan (CZE)"]
[Black "Hajek Jaroslav (CZE)"]
[Result "1-0"]
[WhiteElo "2211"]
[BlackElo "2037"]

1.d4 Nf6 2.c4 c5 3.d5 e6 4.Nc3 exd5 5.cxd5 d6 6.e4 g6 7.Nf3 Bg7 8.Nd2 O-O
9.Be2 Re8 10.O-O Na6 11.f3 Nc7 12.a4 Rb8 13.Nc4 b6 14.Nb5 Nxb5 15.axb5 Re7
16.Bg5 a6 17.Ne3 h6 18.Bh4 g5 19.Bf2 a5 20.Nc4 Nh5 21.g3 Nf6 22.g4 Ne8 23.Bg3
Bd4+ 24.Kg2 Qc7 25.h4 f6 26.Qd2 Bd7 27.Ne3 Be5 28.f4 Bxf4 29.Bxf4 gxf4 30.Rxf4
Qd8 31.Raf1 Rg7 32.Nf5 Bxf5 33.Rxf5 Rg6 34.Qf4 Qe7 35.Bd3 Rb7 36.Rf3 Qg7
37.Rg3 Re7 38.g5 fxg5 39.hxg5 Re5 40.gxh6 Rxg3+ 41.Qxg3 Qxg3+ 42.Kxg3 Rxf5
43.exf5 Nf6 44.Kh4 Kh7 45.Kg5 c4 46.Bc2 Nxd5 47.f6+ Kg8 48.h7+ {#r} 1-0

[Event "Extraliga 2004/05"]
[Site "masterchessopen.com - Czech Republic"]
[Date "2005.03.19"]
[Round "8"]
[White "Meduna Eduard (CZE)"]
[Black "Simacek Pavel (CZE)"]
[Result "1-0"]
[WhiteElo "2460"]
[BlackElo "2463"]

1.d4 Nf6 2.c4 c5 3.d5 e6 4.Nc3 exd5 5.cxd5 d6 6.Nf3 g6 7.Nd2 Bg7 8.e4 O-O
9.Be2 Re8 10.O-O Na6 11.f3 Nc7 12.a4 b6 13.Nc4 Ba6 14.Bg5 h6 15.Be3 Qe7 16.Re1
Bxc4 17.Bxc4 a6 18.Qd2 g5 19.Rab1 Nd7 20.Bf1 Reb8 21.Ne2 b5 22.a5 Ne5 23.b3
Ng6 24.b4 Ne8 25.Ng3 Be5 26.Nf5 Qf8 27.g3 Ne7 28.Nxe7+ Qxe7 29.f4 gxf4 30.gxf4
Bg7 31.bxc5 Qxe4 32.c6 Nf6 33.Bg2 Qf5 34.Rbc1 Re8 35.Bf2 Nh5 36.Rxe8+ Rxe8
37.c7 Rc8 38.Be3 Nf6 39.Bb6 b4 40.Qxb4 Nxd5 41.Qe4 Qxe4 42.Bxe4 Nxb6 43.Bb7
Bd4+ 44.Kg2 Rxc7 45.Rxc7 Na4 46.Bxa6 {#r} 1-0

[Event "Extra League 2007/08"]
[Site "masterchessopen.com - Czech Republic"]
[Date "2007.11.18"]
[Round "2"]
[White "Dvorak Tomas (CZE)"]
[Black "Simacek Pavel (CZE)"]
[Result "0-1"]
[WhiteElo "2288"]
[BlackElo "2472"]

1.d4 Nf6 2.c4 c5 3.d5 e6 4.Nc3 exd5 5.cxd5 d6 6.Nf3 g6 7.Nd2 Bg7 8.e4 O-O
9.Be2 Re8 10.O-O Na6 11.f3 Nc7 12.a4 b6 13.Nc4 Ba6 14.Bg5 h6 15.Be3 Qe7 16.Qd2
Kh7 17.Rfe1 Nd7 18.Bf4 Bd4+ 19.Kh1 Ne5 20.Nxe5 Bxe5 21.Bxe5 Qxe5 22.Bxa6 Nxa6
23.f4 Qf6 24.Nb5 Re7 25.e5 dxe5 26.d6 Re6 27.Qd5 Rae8 28.Qb7 exf4 29.Rxe6 Qxe6
30.h3 Nb8 31.Rf1 Nd7 32.Qf3 Qe4 33.Qxf4 Qxf4 34.Rxf4 Re1+ 35.Kh2 Kg7 36.Nxa7
f5 37.Rf3 Kf6 38.Rb3 Re8 39.Nb5 Re4 40.Nc7 Ke5 41.Ra3 Kxd6 42.Nb5+ Ke5 43.a5
bxa5 44.Rxa5 Rb4 45.Na3 Kd5 46.Ra7 Ne5 47.Re7 Rb8 48.Kg3 Kd6 49.Ra7 Rxb2
50.Kf4 Kd5 51.g4 g5+ {#R} 0-1

[Event "Extraliga 2008/09"]
[Site "masterchessopen.com - Czech Republic"]
[Date "2009.03.22"]
[Round "11"]
[White "Meduna Eduard (CZE)"]
[Black "Simacek Pavel (CZE)"]
[Result "1-0"]
[WhiteElo "2449"]
[BlackElo "2476"]

1.d4 Nf6 2.c4 c5 3.d5 e6 4.Nc3 exd5 5.cxd5 d6 6.Nf3 g6 7.Nd2 Bg7 8.e4 O-O
9.Be2 Re8 10.O-O Na6 11.f3 Nc7 12.a4 b6 13.Nc4 Ba6 14.Bg5 h6 15.Be3 Bxc4
16.Bxc4 a6 17.Qd2 Kh7 18.Rab1 Nd7 19.Kh1 Rb8 20.b4 b5 21.Be2 c4 22.Bd4 Nf6
23.a5 Re7 24.Bd1 Qh8 25.Ne2 Rf8 26.Bg1 Nd7 27.Nd4 Ne5 28.Bc2 Ree8 29.Qf2 Rc8
30.f4 Ng4 31.Qd2 Rfe8 32.h3 Nf6 33.Rbe1 Nd7 34.Rd1 Na8 35.Nc6 Nb8 36.e5 Nxc6
37.dxc6 dxe5 38.fxe5 Rc7 39.Bb6 Nxb6 40.axb6 Rxc6 41.Rxf7 Rxb6 42.Qf2 Rbe6
43.Rdd7 Kg8 44.Be4 Bf8 45.Rf6 Qxf6 46.exf6 Kh8 47.Bxg6 Re1+ 48.Kh2 {#r} 1-0

[Event "It (open)"]
[Site "masterchessopen.com - Di Roseto (Italy)"]
[Date "2010.06.05"]
[Round "2"]
[White "Yurenok Maria S (ENG)"]
[Black "Porat Maya (ISR)"]
[Result "1-0"]
[WhiteElo "2071"]
[BlackElo "2221"]

1.d4 Nf6 2.c4 e6 3.Nc3 c5 4.d5 exd5 5.cxd5 d6 6.Nf3 g6 7.Nd2 Bg7 8.e4 O-O
9.Be2 Re8 10.O-O Na6 11.f3 Nc7 12.a4 b6 13.Nc4 Ba6 14.Bg5 h6 15.Be3 Rb8 16.Qd2
Kh7 17.Rab1 Bxc4 18.Bxc4 a6 19.Qd3 Qc8 20.Bf4 Bf8 21.b4 Nh5 22.Be3 Bg7 23.bxc5
bxc5 24.Rxb8 Qxb8 25.Rb1 Qd8 26.Ne2 Qd7 27.Rb7 f5 28.exf5 gxf5 29.Bf2 Kh8
30.Qb3 Qf7 31.Bxa6 Qxd5 32.Qxd5 Nxd5 33.Bb5 Rc8 34.a5 Ra8 35.a6 Nb4 36.a7 Kh7
37.Be1 Kg6 38.Bxb4 cxb4 39.Bc6 Be5 40.Re7 {#r} 1-0

[Event "Ch Region"]
[Site "masterchessopen.com - Dnepropetrovsk (Ukraine)"]
[Round "7"]
[White "Bendersky Valery (UKR)"]
[Black "Stefansky Mikhail (UKR)"]
[Result "0-1"]
[WhiteElo "2113"]
[BlackElo "2267"]

1.d4 c5 2.d5 Nf6 3.c4 e6 4.Nc3 exd5 5.cxd5 d6 6.Nf3 g6 7.Nd2 Bg7 8.e4 O-O
9.Be2 Re8 10.O-O Na6 11.f3 Nc7 12.a4 Nd7 13.Kh1 Rb8 14.Nc4 Ne5 15.Ne3 f5 16.f4
Nf7 17.exf5 gxf5 18.Bd3 Qf6 19.Qc2 Nh6 20.Bd2 Na6 21.Bxa6 bxa6 22.Nc4 Ng4
23.Rae1 Bd7 24.h3 Qh4 25.Re3 Nxe3 26.Nxe3 Qh5 27.Nc4 Qg6 28.Qd3 Re7 29.Bc1
Rbe8 30.Kh2 Bd4 {#R} 0-1

[Event "It (b)"]
[Site "masterchessopen.com - Dortmund (Germany)"]
[Round "0"]
[White "Conquest Stuart (ENG)"]
[Black "Stein Bernd (GER)"]
[Result "1-0"]
[WhiteElo "2515"]
[BlackElo "2340"]

1.d4 Nf6 2.c4 e6 3.Nf3 c5 4.d5 exd5 5.cxd5 d6 6.Nc3 g6 7.e4 Bg7 8.Be2 O-O
9.Nd2 Re8 10.O-O Na6 11.f3 Nc7 12.a4 b6 13.Nc4 Ba6 14.Bg5 h6 15.Bh4 Bxc4
16.Bxc4 a6 17.Qd3 Qd7 18.Ra3 Nh5 19.Rb1 Bd4+ 20.Kh1 g5 21.Be1 Nf4 22.Qf1 Ng6
23.Ne2 Bg7 24.Ng3 b5 25.Be2 Nf4 26.Bd1 b4 27.Ra2 Rec8 28.b3 Ne8 29.Nf5 Bf8
30.Bc2 a5 31.g3 Ng6 32.Qh3 Kh7 33.Bd2 Qd8 34.f4 gxf4 35.gxf4 Qf6 36.Bd3 {#r}
1-0

[Event "Ch World (team) (under 26) (prel-B)"]
[Site "masterchessopen.com - Dresden (Germany)"]
[Date "1969.08.03"]
[Round "3"]
[White "Bjerre Troels (DEN)"]
[Black "Malmgren Sven-Goran (SWE)"]
[Result "1-0"]
[WhiteElo "2380"]
[BlackElo "2400"]

1.d4 Nf6 2.c4 c5 3.d5 e6 4.Nc3 exd5 5.cxd5 d6 6.e4 g6 7.Be2 Bg7 8.Nf3 O-O
9.O-O Re8 10.Nd2 Na6 11.f3 Nc7 12.a4 b6 13.a5 Rb8 14.axb6 axb6 15.Nb5 Nxb5
16.Bxb5 Bd7 17.Qb3 Re7 18.Nc4 Bxb5 19.Qxb5 Reb7 20.Bf4 Ne8 21.Rfd1 h5 22.Kh1
Qf6 23.Bd2 Qe7 24.h3 Qd7 25.Qxd7 Rxd7 26.Bc3 Bxc3 27.bxc3 b5 28.Na5 Ra8 29.Nc6
Rxa1 30.Rxa1 Rb7 31.Ra8 Kf8 32.e5 dxe5 33.Nxe5 f6 34.d6 fxe5 35.Rd8 Kf7 36.d7
Nf6 37.Rf8+ Kxf8 38.d8=Q+ Ne8 39.Qa8 Rc7 40.Qa6 b4 41.cxb4 cxb4 42.Qxg6 b3
43.Qd3 Rb7 44.Qd5 Rb8 45.Qxe5 Rb7 46.Qc5+ Kg7 47.Qd5 {#r} 1-0

[Event "Ch World (team) (under 26) (final A)"]
[Site "masterchessopen.com - Dresden (Germany)"]
[Date "1969.08.08"]
[Round "1"]
[White "Podgaets Mikhail (UKR)"]
[Black "Bjerre Troels (DEN)"]
[Result "1-0"]
[WhiteElo "2465"]
[BlackElo "2380"]

1.d4 Nf6 2.c4 c5 3.d5 d6 4.Nc3 g6 5.e4 Bg7 6.Nf3 O-O 7.Be2 e6 8.O-O exd5
9.cxd5 Re8 10.Nd2 Na6 11.f3 Nc7 12.a4 Nd7 13.Nc4 Ne5 14.Ne3 f5 15.f4 Nf7
16.exf5 gxf5 17.Bd3 Qf6 18.Qc2 Nh6 19.Rf3 Bd7 20.Bd2 Re7 21.Rb1 Na6 22.Bxa6
bxa6 23.h3 Rae8 24.Ne2 Qh4 25.Rg3 Re4 26.b3 Kh8 27.Rf3 Ng4 28.hxg4 fxg4 29.Rg3
Bd4 30.Nxd4 cxd4 31.Nf1 Bf5 32.Qb2 Qf6 33.Rc1 h5 34.Re3 Kg8 35.Rxe4 Rxe4
36.Ng3 Re7 37.Nxf5 Qxf5 38.Qxd4 g3 39.Bc3 {#r} 1-0

[Event "Ch World (team) (under 26) (final A)"]
[Site "masterchessopen.com - Dresden (Germany)"]
[Date "1969.08.08"]
[Round "1"]
[White "Schmidt Michael (GER)"]
[Black "Dueball Juergen (GER)"]
[Result "0-1"]
[WhiteElo "2167"]
[BlackElo "2324"]

1.d4 Nf6 2.c4 g6 3.Nc3 Bg7 4.e4 d6 5.Be2 O-O 6.Nf3 c5 7.d5 e6 8.O-O exd5
9.cxd5 Re8 10.Nd2 Na6 11.f3 Nc7 12.a4 b6 13.Kh1 Rb8 14.Nc4 Ba6 15.Ne3 Bxe2
16.Qxe2 a6 17.Nc4 Nfxd5 18.Nxd5 Nxd5 19.Qd1 b5 20.axb5 axb5 21.Qxd5 bxc4
22.Ra7 Qf6 23.Qxc4 Qe6 24.Qc2 Bd4 25.Ra6 Rb4 26.Re1 f5 27.e5 Qc4 28.Qxc4+ Rxc4
29.e6 Rxe6 30.Ra8+ Kf7 31.Ra7+ Kf6 32.Rd1 h5 33.h4 Ke5 34.Bh6 Kd5 35.Bg7 Re2
36.b3 Rb4 37.Ra5 Ke6 38.Bxd4 Rxd4 39.Rxd4 cxd4 40.Kg1 d3 41.Kf1 Rb2 {#R} 0-1

[Event "It (open)"]
[Site "masterchessopen.com - Dubai (United Arab Emirates)"]
[Date "2006.04.28"]
[Round "6"]
[White "Neverov Valeriy (UKR)"]
[Black "Stojic Dusan (AUS)"]
[Result "1-0"]
[WhiteElo "2538"]
[BlackElo "2204"]

1.d4 Nf6 2.c4 c5 3.d5 e6 4.Nc3 exd5 5.cxd5 d6 6.Nf3 g6 7.Nd2 Bg7 8.e4 O-O
9.Be2 Re8 10.O-O Na6 11.f3 Nc7 12.a4 b6 13.Kh1 Rb8 14.Nc4 Ba6 15.Bg5 h6 16.Bh4
Qd7 17.Qd2 Kh7 18.b3 Nh5 19.Bd3 b5 20.axb5 Nxb5 21.Rxa6 Bxc3 22.Qc1 Bg7 23.g4
Nf6 24.Bg3 Qb7 25.Rxd6 Nxd6 26.Nxd6 Qxb3 27.Bc4 Qb4 28.Nxf7 Ra8 29.e5 Nd7
30.e6 Nb6 31.Bd3 Qb3 32.Be4 Nxd5 33.Qxc5 Ne3 34.Re1 Qxe6 35.Nd6 Be5 36.Nxe8
Bxg3 37.hxg3 Rxe8 38.Qxa7+ {#r} 1-0

[Event "Ch Scotland"]
[Site "masterchessopen.com - Dundee (Scotland)"]
[Round "4"]
[White "Stewart Kenneth (SCO)"]
[Black "Lennox CJ"]
[Result "1-0"]
[WhiteElo "2115"]
[BlackElo "2200"]

1.d4 c5 2.d5 d6 3.c4 Nf6 4.Nc3 g6 5.e4 Bg7 6.Nf3 O-O 7.Be2 e6 8.O-O exd5
9.cxd5 Re8 10.Nd2 Na6 11.f3 Nc7 12.a4 b6 13.Nc4 Ba6 14.Bg5 h6 15.Bh4 Bxc4
16.Bxc4 g5 17.Bf2 a6 18.Qd2 Rb8 19.Nd1 Nd7 20.Ne3 Qf6 21.Nf5 Bf8 22.Be2 Ne5
23.h4 Qg6 24.hxg5 hxg5 25.Be3 f6 26.Kf2 Nf7 27.Rh1 Nh6 28.Ng3 Re7 29.Rh5 Bg7
30.Bd3 Re5 31.Rah1 Kf7 32.Nf5 Rxf5 33.exf5 Qh7 34.Bxg5 {#r} 1-0

[Event "Ch Netherlands (qual)"]
[Site "masterchessopen.com - Enschede (Netherlands)"]
[Round "0"]
[White "Van Gisbergen Stan (NED)"]
[Black "Hendriks Willy (NED)"]
[Result "0-1"]
[WhiteElo "2385"]
[BlackElo "2370"]

1.d4 Nf6 2.c4 c5 3.d5 e6 4.Nc3 exd5 5.cxd5 d6 6.e4 g6 7.Nf3 Bg7 8.Nd2 O-O
9.Be2 Re8 10.O-O Na6 11.f3 Nc7 12.a4 b6 13.Nc4 Ba6 14.Bg5 Qd7 15.Rb1 h6 16.Be3
Bxc4 17.Bxc4 a6 18.Qd3 Reb8 19.Qd2 b5 20.axb5 axb5 21.Be2 b4 22.Nd1 Kh7 23.Nf2
Qe7 24.Bc4 Nd7 25.f4 Nb5 26.Rbe1 Nd4 27.Kh1 Nb6 28.Qd3 Nxc4 29.Qxc4 b3 30.e5
Rb4 31.Qd3 Nc2 32.Re2 dxe5 33.fxe5 Bxe5 34.Bxc5 Qxc5 35.Rxe5 Rf4 36.Re2 Nb4
37.Qd2 Nxd5 38.Rd1 Rf5 39.g4 Qc6 40.gxf5 Ne3+ 41.Ne4 Qxe4+ 42.Kg1 Qg4+ 43.Kh1
Qf3+ 44.Kg1 gxf5 {#R} 0-1

[Event "Ch DDR"]
[Site "masterchessopen.com - Erfurt (Germany)"]
[Round "8"]
[White "Hesse Peter (GER)"]
[Black "Espig Thomas (GER)"]
[Result "1-0"]
[WhiteElo "2305"]
[BlackElo "2227"]

1.d4 Nf6 2.c4 c5 3.d5 e6 4.Nc3 exd5 5.cxd5 d6 6.e4 g6 7.Be2 Bg7 8.Nf3 O-O
9.O-O Re8 10.Nd2 Na6 11.f3 Nc7 12.a4 Nd7 13.Kh1 b6 14.Nc4 Ne5 15.Ne3 f5 16.f4
Nf7 17.exf5 gxf5 18.Bd3 Qf6 19.Rf3 Bd7 20.Bd2 Nh6 21.Qc2 Re7 22.Raf1 Rf8
23.Ncd1 Qf7 24.Rg3 Ne8 25.Nf2 Kh8 26.Nh3 Nf6 27.Ng5 Qg8 28.Bc3 Nxd5 29.Nxd5
Qxd5 30.Bc4 Qc6 31.Bb5 Qb7 32.Rh3 Kg8 33.Bxg7 Kxg7 34.Qc3+ Kg6 35.Rg3 Rg8
36.Ne4+ {#r} 1-0